Statystyki dla Flagi państw Muzułmańskich

Kliknij tutaj aby rozwiązać quiz!

Ogólne statystyki

  • Ten quiz został rozwiązany 70 razy
    (52 od ostatniego zresetowania)
  • Średni wynik to 32 z 42

Statystyki odpowiedzi

Odpowiedź% Poprawnych
Egipt
100%
Arabia Saudyjska
98%
Pakistan
98%
Albania
95%
Malezja
95%
Maroko
95%
Algieria
93%
Azerbejdżan
90%
Somalia
90%
Tunezja
90%
Uzbekistan
88%
Bahrajn
86%
Turcja
83%
Turkmenistan
83%
Afganistan
81%
Iran
81%
Brunei
79%
Indonezja
79%
Irak
79%
Katar
79%
Kazachstan
79%
Mauretania
79%
Zjednoczone Emiraty Arabskie
79%
Bangladesz
76%
Liban
76%
Syria
76%
Wybrzeże Kości Słoniowej
74%
Komory
71%
Oman
71%
Kirgistan
69%
Libia
69%
Jemen
67%
Jordania
67%
Malediwy
64%
Palestyna
64%
Kuwejt
62%
Tadżykistan
62%
Sierra Leone
60%
Erytrea
57%
Dżibuti
55%
Gwinea
48%
Bośnia i Herzegowina
5%

Rozkład punktacji

Percentyl według liczby udzielonych odpowiedzi

Procent ludzi z każdym wynikiem

Twoja historia wyników

Nie rozwiązałeś tego quizu od ostatniego zresetowania